<?xml version="1.0" encoding="UTF-8"?><?xml-stylesheet type="text/xsl" href="static/style.xsl"?><OAI-PMH xmlns="http://www.openarchives.org/OAI/2.0/" xmlns:xsi="http://www.w3.org/2001/XMLSchema-instance" xsi:schemaLocation="http://www.openarchives.org/OAI/2.0/ http://www.openarchives.org/OAI/2.0/OAI-PMH.xsd"><responseDate>2026-04-28T19:50:47Z</responseDate><request verb="GetRecord" identifier="oai:uvadoc.uva.es:10324/3772" metadataPrefix="marc">https://uvadoc.uva.es/oai/request</request><GetRecord><record><header><identifier>oai:uvadoc.uva.es:10324/3772</identifier><datestamp>2021-12-17T09:48:04Z</datestamp><setSpec>com_10324_38</setSpec><setSpec>col_10324_787</setSpec></header><metadata><record xmlns="http://www.loc.gov/MARC21/slim" xmlns:doc="http://www.lyncode.com/xoai" xmlns:xsi="http://www.w3.org/2001/XMLSchema-instance" xmlns:dcterms="http://purl.org/dc/terms/" xsi:schemaLocation="http://www.loc.gov/MARC21/slim http://www.loc.gov/standards/marcxml/schema/MARC21slim.xsd">
<leader>00925njm 22002777a 4500</leader>
<datafield tag="042" ind1=" " ind2=" ">
<subfield code="a">dc</subfield>
</datafield>
<datafield tag="720" ind1=" " ind2=" ">
<subfield code="a">Iglesia Represa, Francisco de la</subfield>
<subfield code="e">author</subfield>
</datafield>
<datafield tag="260" ind1=" " ind2=" ">
<subfield code="c">2013</subfield>
</datafield>
<datafield tag="520" ind1=" " ind2=" ">
<subfield code="a">Dada la situación económica que se ha traducido en unas alarmantes cifras de paro registrado, se plantea una investigación cuyo objetivo es conocer la relación que hay entre el lenguaje político utilizado por los partidos y sus representantes, y lo que reflejan los medios de comunicación en Castilla y León sobre el desempleo. Es un estudio realizado a través de una técnica cuantitativa como es el análisis de contenido, sobre las piezas informátivas obtenidas de los principales diarios y partidos políticos de la comunidad, durante los meses de febrero, marzo y abril de 2013, en relación con las noticias publicadas sobre el desempleo autonómico en el primer trimestre del año. La investigación se completa con el planteamiento de unas recomendaciones en una propuesta comunicativa argumentada en una técnica cualitativa, el análisis DAFO, aplicado al mercado social referente, para que los partidos mejoren su comunicación política en la materia.</subfield>
</datafield>
<datafield tag="024" ind2=" " ind1="8">
<subfield code="a">http://uvadoc.uva.es/handle/10324/3772</subfield>
</datafield>
<datafield ind1=" " ind2=" " tag="653">
<subfield code="a">Comunicación en política</subfield>
</datafield>
<datafield ind1=" " ind2=" " tag="653">
<subfield code="a">Desempleo - España - Castilla y León</subfield>
</datafield>
<datafield tag="245" ind1="0" ind2="0">
<subfield code="a">La comunicación política del desempleo en Castilla y León</subfield>
</datafield>
</record></metadata></record></GetRecord></OAI-PMH>